| 000 | 00439cam a22001217a 4500 | ||
|---|---|---|---|
| 008 | 180718b1984 xxu||||| |||| 00| 0 eng d | ||
| 082 | _aA81x54 In2/81/1/Pap3/1984 | ||
| 100 | _aCensus of India 1981 | ||
| 245 | _aIndia: household population by religion of head of household | ||
| 260 |
_aDelhi _bRegistrar General and Census Commissioner for India _c1984 |
||
| 300 | _a104p. | ||
| 440 | _aCensus of India 1981. Series-1, India. Paper 3 of 1984 | ||
| 999 |
_c481885 _d481885 |
||